| 000 | 00708nam a22002057a 4500 | ||
|---|---|---|---|
| 999 |
_c524759 _d524759 |
||
| 003 | NUST | ||
| 020 | _a969-503-139-0 | ||
| 038 | _aFaiza | ||
| 082 |
_a297.992549143 _bNAZ |
||
| 100 |
_aNazami, Khaja Abid _915552 |
||
| 245 |
_aLahore main Islam ky Safeer : Ehd e Ghaznawi sy Qayam e Pakistan tak / _bKhaja Abid Nazami |
||
| 260 |
_aLahore : _bAl Faisal, _c2000. |
||
| 300 | _a336 p. ; | ||
| 500 | _aHard cover. | ||
| 504 | _aBibliography. | ||
| 880 |
_6100-01\r _aخواجہ عابد نظامی |
||
| 880 |
_6245-02\r _aلاہور میں اسلام کے سفیر : عہدغزنوی سے قیامِ پاکستان تک / |
||
| 880 |
_6260-03\r _aلاہور : _bالفیصل, _c۲۰۰۰. |
||
| 942 |
_2ddc _cBK |
||